000 00475nam a2200157 i 4500
001 95422
003 ES-MaACL
005 20230906181712.0
007 t|
008 050530s1924 cu ||||1| spa d
100 1 _aLles y Beryades, Fernando.
_972772
245 1 3 _aLa escudilla de Diógenes
_b: epopeya del cínico /
_cFernando Lles y Beryades.
260 _aHabana :
_b[s.n.],
_c1924 (
_fPrado y García)
300 _a119 p. ;
_c18 cm.
852 _aES-MaACL
_jF-2539
_bR.4780
999 _c95422
_d95422